Bahristan-I-Shahi : (Record no. 195535)

MARC details
000 -LEADER
fixed length control field 00684nam a22001937a 4500
005 - DATE AND TIME OF LATEST TRANSACTION
control field 20230403103245.0
010 ## - LCCN (DPL NO)
LC control number ENG-136591
020 ## - INTERNATIONAL STANDARD BOOK NUMBER
International Standard Book Number 9788188643837
Terms of availability 800.00
035 ## - SYSTEM CONTROL NUMBER
System control number EN-120123
037 ## - SOURCE OF ACQUISITION
Source of stock number/acquisition DBAD/PUB
082 ## - DEWEY DECIMAL CLASSIFICATION NUMBER
Classification number 954.11
100 ## - MAIN ENTRY--PERSONAL NAME
Personal name Pandit,Kashinath
245 ## - TITLE STATEMENT
Title Bahristan-I-Shahi :
Statement of responsibility, etc By Kashinath Pandit
Remainder of title A chronicle Of Mediaeval Kashmir /
250 ## - EDITION STATEMENT
Edition statement First
260 ## - PUBLICATION, DISTRIBUTION, ETC. (IMPRINT)
Place of publication, distribution, etc Delhi
Name of publisher, distributor, etc Akshaya Prakshan
Date of publication, distribution, etc 2022
270 ## - ADDRESS
Address 208, M.G. House, 2 Community Centre, Wazirpur Industrial Area
City Delhi
Postal code 110052
Electronic mail address harish@akshayaprakashan.com
Telephone number 011-47021664
-- 011-47049292
-- 9818452269
300 ## - PHYSICAL DESCRIPTION
Extent xliv314p.;
Dimensions 22cm(hbk)
Other physical details index
942 ## - ADDED ENTRY ELEMENTS (KOHA)
Source of classification or shelving scheme Dewey Decimal Classification
Item type English Books
Call number suffix KAS
Classification part 954.11
Holdings
Withdrawn status Lost status Not for loan Collection code Home library Current library Date acquired Source of acquisition Cost, normal purchase price Full call number Barcode Copy number Cost, replacement price Koha item type
      Non-fiction Shahdara Branch Shahdara Branch 03/04/2023 DBAD/PUB 800.00 954.11 KAS EN-120123 1 800.00 English Books

© Delhi Public Library
Hit Counter
free hit counter